Every Song by Silverstein - Statistics

General Stats
  • This quiz has been taken 22 times
    15 since last reset
  • The average score is 14 of 152
Answer Stats
Album Song % Correct
Discovering the Waterfront(2005) My Heroine
100%
Discovering the Waterfront(2005) Smile in Your Sleep
100%
Discovering the Waterfront(2005) Call It Karma
75%
When Broken Is Easily Fixed(2003) November
75%
When Broken Is Easily Fixed(2003) Red Light Pledge
75%
When Broken Is Easily Fixed(2003) Smashed into Pieces
75%
When Broken Is Easily Fixed(2003) When Broken Is Easily Fixed
75%
A Shipwreck in the Sand-Chapter Three-Fight Fire with Fire(2009) A Shipwreck in the Sand
50%
Discovering the Waterfront(2005) Discovering the Waterfront
50%
Discovering the Waterfront(2005) Fist Wrapped in Blood
50%
This Is How the Wind Shifts(2013) Arrivals
25%
Pink Moon(2025) Autopilot
25%
When Broken Is Easily Fixed(2003) Bleeds No More
25%
Arrivals & Departures(2007) Bodies and Words
25%
This Is How the Wind Shifts(2013) Departures
25%
Arrivals & Departures(Bonus)(2007) Falling Down
25%
When Broken Is Easily Fixed(2003) Giving Up
25%
When Broken Is Easily Fixed(2003) Hear Me Out
25%
A Beautiful Place to Drown(2020) Infinite
25%
When Broken Is Easily Fixed(2003) Last Days of Summer
25%
Arrivals & Departures(2007) Love with Caution
25%
Misery Made Me(2022) Misery
25%
Arrivals & Departures(Bonus)(2007) Rain Will Fall
25%
Arrivals & Departures(2007) Sound of the Sun
25%
Arrivals & Departures(2007) Still Dreaming
25%
Summer's Stellar Gaze(2000) Summer's Stellar Gaze
25%
Discovering the Waterfront(2005) The Ides of March
25%
When Broken Is Easily Fixed(2003) The Weak and the Wounded
25%
This Is How the Wind Shifts(2013) The Wind Shifts
25%
This Is How the Wind Shifts(2013) This Is How
25%
Discovering the Waterfront(2005) Three Hours Back
25%
Pink Moon(2025) Widowmaker
25%
Summer's Stellar Gaze(2000) | When Broken Is Easily Fixed(2003) Wish I Could Forget You
25%
Discovering the Waterfront(2005) Your Sword Versus My Dagger
25%
This Is How the Wind Shifts(2013) A Better Place
0%
A Shipwreck in the Sand-Chapter One-It Burns Within Us All(2009) A Great Fire
0%
A Shipwreck in the Sand-Chapter Four-Death and Taxes(2009) A Hero Loses Everyday
0%
A Beautiful Place to Drown(2020) All on Me
0%
Discovering the Waterfront(2005) Already Dead
0%
Discovering the Waterfront(2005) Always and Never
0%
A Shipwreck in the Sand-Chapter Two-Liars, Cheaters and Thieves(2009) American Dream
0%
I Am Alive in Everything I Touch-Chapter I: Borealis(2015) A Midwestern State of Emergency
0%
Dead Reflection(2017) Aquamarine
0%
A Beautiful Place to Drown(2020) Bad Habits
0%
Misery Made Me(2022) Bankrupt
0%
A Shipwreck in the Sand-Chapter Two-Liars, Cheaters and Thieves(2009) Born Dead
0%
A Shipwreck in the Sand-Chapter One-It Burns Within Us All(2009) Broken Stars
0%
Short Songs(2012) Brookfield
0%
I Am Alive in Everything I Touch-Chapter II: Austeralis(2015) Buried at Sea
0%
Rescue(2011) Burning Hearts
0%
A Beautiful Place to Drown(2020) Burn It Down
0%
This Is How the Wind Shifts(2013) California
0%
Misery Made Me(2022) Cold Blood
0%
A Beautiful Place to Drown(2020) Coming Down
0%
Dead Reflection(2017) Cut and Run
0%
Transitions(2010) Dancing on My Grave
0%
Rescue(2011) Darling Harbour
0%
When the Shadows Beam(2002) Dawn of the Fall
0%
Pink Moon(2025) Death Hold
0%
Discovering the Waterfront(2005) Defend You
0%
Dead Reflection(2017) Demons
0%
I Am Alive in Everything I Touch-Chapter III: Zephyrus(2015) Desert Nights
0%
Misery Made Me(2022) Die Alone
0%
Dead Reflection(2017) Whiplash
0%
Misery Made Me(2022) Don't Wait Up
0%
Pink Moon(2025) Drain the Blood
0%
Pink Moon(2025) Dying Game
0%
I Am Alive in Everything I Touch-Chapter I: Borealis(2015) Face of the Earth
0%
Summer's Stellar Gaze(2000) Forever and a Day
0%
Rescue(2011) Forget Your Heart
0%
Summer's Stellar Gaze(2000) Friends in Fall River
0%
Dead Reflection(2017) Ghost
0%
Rescue(2011) Good Luck with Your Lives
0%
I Am Alive in Everything I Touch-Chapter II: Austeralis(2015) Heaven, Hell and Purgatory
0%
Arrivals & Departures(2007) Here Today, Gone Tomorrow
0%
This Is How the Wind Shifts(2013) Hide Your Secrets
0%
A Shipwreck in the Sand-Chapter Three-Fight Fire with Fire(2009) I Am the Arsonist
0%
Arrivals & Departures(2007) If You Could See into My Soul
0%
A Shipwreck in the Sand-Chapter Two-Liars, Cheaters and Thieves(2009) I Knew I Couldn't Trust You
0%
Pink Moon(2025) I Love You But I Have to Let You Go
0%
This Is How the Wind Shifts(2013) In a Place of Solace
0%
Rescue(2011) In Memory Of...
0%
This Is How the Wind Shifts(2013) In Silent Seas We Drown
0%
Rescue(2011) Intervention
0%
I Am Alive in Everything I Touch-Chapter IV: Eurus(2015) In the Dark
0%
Misery Made Me(2022) It's Over
0%
This Is How the Wind Shifts: Addendum(2013) I Will Illuminate
0%
I Am Alive in Everything I Touch-Chapter IV: Eurus(2015) Je me Souviens
0%
This Is How the Wind Shifts: Addendum(2013) Kill the Lights
0%
Short Songs(2012) La Marseillaise
0%
Dead Reflection(2017) Last Looks
0%
I Am Alive in Everything I Touch-Chapter II: Austeralis(2015) Late on 6th
0%
Misery Made Me(2022) Live Like This
0%
Rescue(2011) Live to Kill
0%
Dead Reflection(2017) Lost Positives
0%
A Beautiful Place to Drown(2020) Madness
0%
This Is How the Wind Shifts(2013) Massachusetts
0%
Rescue(2011) Medication
0%
I Am Alive in Everything I Touch-Chapter III: Zephyrus(2015) Milestone
0%
Dead Reflection(2017) Mirror Box
0%
Summer's Stellar Gaze(2000) My Consolation
0%
Arrivals & Departures(2007) My Disaster
0%
Short Songs(2012) My Miserable Life
0%
Pink Moon(2025) Negative Space
0%
This Is How the Wind Shifts(2013) On Brave Mountains We Conquer
0%
Short Songs(2012) One Last Dance
0%
Misery Made Me(2022) Our Song
0%
Misery Made Me(Bonus)(2023) Poison Pill
0%
Rescue(2011) Replace You
0%
Dead Reflection(2017) Retrograde
0%
Rescue(2011) Sacrifice
0%
A Beautiful Place to Drown(2020) Say Yes!
0%
Dead Reflection(2017) Secret's Safe
0%
Short Songs(2012) See Ya Bill
0%
A Beautiful Place to Drown(2020) September 14th
0%
A Beautiful Place to Drown(2020) Shape Shift
0%
Short Songs(2012) Sick as Your Secrets
0%
Short Songs(2012) Sin & Redemption
0%
Short Songs(2012) Sleep Around
0%
Misery Made Me(2022) Slow Motion
0%
Short Songs(2012) SOS
0%
This Is How the Wind Shifts(2013) Stand Amid the Roar
0%
Misery Made Me(Bonus)(2023) Stitches
0%
A Beautiful Place to Drown(2020) Stop
0%
A Beautiful Place to Drown(2020) Take What You Give
0%
Rescue(2011) Texas Mickey
0%
Dead Reflection(2017) The Afterglow
0%
Misery Made Me(2022) The Altar / Mary
0%
Rescue(2011) The Artist
0%
I Am Alive in Everything I Touch-Chapter III: Zephyrus(2015) The Continual Condition
0%
A Shipwreck in the Sand-Chapter Four-Death and Taxes(2009) The End
0%
Pink Moon(2025) The Fatalist
0%
A Shipwreck in the Sand-Chapter Two-Liars, Cheaters and Thieves(2009) Their Lips Sink Ships
0%
Arrivals & Departures(2007) The Sand Will Turn to Glass
0%
A Shipwreck in the Sand-Chapter Four-Death and Taxes(2009) The Tide Raises Every Ship
0%
This Is How the Wind Shifts(2013) To Live and to Lose
0%
I Am Alive in Everything I Touch-Chapter I: Borealis(2015) Toronto (abridged)
0%
I Am Alive in Everything I Touch-Chapter IV: Eurus(2015) Toronto (unabridged)
0%
Arrivals & Departures(2007) True Romance
0%
Short Songs(2012) Truth & Temptation
0%
Misery Made Me(2022) Ultraviolet
0%
Arrivals & Departures(2007) Vanity and Greed
0%
A Shipwreck in the Sand-Chapter One-It Burns Within Us All(2009) Vices
0%
Summer's Stellar Gaze(2000) Waiting Four Years
0%
Dead Reflection(2017) Wake Up
0%
A Shipwreck in the Sand-Chapter Four-Death and Taxes(2009) We Are Not the World
0%
A Beautiful Place to Drown(2020) Where Are You
0%
This Is How the Wind Shifts(2013) With Second Chances
0%
Short Songs(2012) World on Fire
0%
Arrivals & Departures(2007) Worlds Apart
0%
A Shipwreck in the Sand-Chapter Three-Fight Fire with Fire(2009) You're All I Have
0%
No matching quizzes found
Score Distribution
Percent of People with Each Score
Percentile by Number Answered
Your Score History
You have not taken this quiz since the last reset